Statistiques concernant Box-Office: Plus d'1 milliard de dollars

Cliquez ici pour prendre le quiz!

Statistiques générales

  • Ce quiz a été pris 503 fois
    (333 depuis la dernière actualisation)
  • Le résultat moyen est 18 sur 49

Statistiques - réponses

ClassementScore au box-officeAnnéeFilms% Correct
1$2,847,379,7942009Avatar
94%
9$1,518,815,5152012Avengers
90%
3$2,201,647,2641997Titanic
88%
2$2,797,501,3282019Avengers Endgame
79%
5$2,048,359,7542018Avengers Infinity War
69%
4$2,069,521,7002015Star Wars VII: Le réveil de la force
57%
12$1,402,809,5402015Avengers L'ère d'Ultron
52%
6$1,877,772,0192021Spider-Man: No Way Home
51%
15$1,332,698,8302017Star Wars VIII: Les derniers Jedi
51%
20$1,214,811,2522013Iron Man 3
47%
34$1,074,149,2792019Star Wars IX: L'Ascencion de Skywalker
45%
13$1,347,597,9732018Black Panther
44%
7$1,671,537,4442015Jurassic World
43%
38$1,063,611,8051994Le Roi Lion (1994)
43%
8$1,662,899,4392019Le Roi Lion (2019)
43%
17$1,281,508,1002013La Reine des Neiges
42%
44$1,027,082,7071999Star Wars I:La Menace Fantôme
42%
23$1,153,337,4962016Captain America:Civil War
41%
49$1,006,102,2772008The Dark Knight
41%
10$1,515,341,3992015Fast & Furious 7
37%
31$1,099,428,3031993Jurassic Park
37%
25$1,146,436,2142003Le Seigneur des Anneaux:Le Retour du Roi
36%
11$1,450,026,9332019La Reine des Neiges 2
35%
26$1,131,927,9962019Spider Man Far From Home
35%
20$1,236,005,1182017Fast & Furious 8
34%
33$1,074,445,7302019Joker
33%
47$1,017,713,1192001Harry Potter à l'école des sorciers
31%
14$1,342,359,9422011Harry Potter et les Reliques de la Mort Partie 2
31%
32$1,081,153,0972012The Dark Knight Rises
28%
36$1,066,970,8112010Toy Story 3
28%
35$1,073,394,5932019Toy Story 4
28%
16$1,310,466,2962018Jurassic World: Fallen Kingdom
27%
27$1,128,462,9722019Captain Marvel
25%
48$1,017,030,6512012Le Hobbit:Un voyage Innatendu
22%
24$1,148,528,3932018Aquaman
20%
19$1,243,089,2442018Les Indestructibles 2
19%
22$1,159,444,6622015Les Minions
19%
37$1,066,179,7472006Pirates des Caraibes: Le secret du coffre maudit
19%
39$1,056,057,7202016Rogue One: A Star Wars Story
19%
29$1,108,569,4992012Skyfall
19%
18$1,273,576,2202017La Belle et la Bête (2017)
18%
41$1,045,713,8022011Pirates des Caraibes: La fontaine de Jouvence
18%
28$1,123,794,0792011Transformers:La face cachée de la Lune
17%
30$1,104,054,0722014Transformers:L'Age de l'Extinction
15%
42$1,034,800,1312017Moi Moche et Méchant 3
14%
40$1,050,693,9532019Aladdin (2019)
13%
46$1,024,121,1042016Zootopie
13%
43$1,028,570,9422016Le Monde de Dory
12%
45$1,025,468,2162010Alice au pays des Merveilles (2010)
9%

Distribution des résultats

Percentile par nombre de réponses

% des personnes avec chaque résultat

Votre développement - résultats

Vous n’avez pas pris ce quiz depuis la dernière actualisation